Normale Ansicht MARC-Ansicht ISBD

Thayer's life of Beethoven (Titelsatznr. 66582)

[ MARC ]
MARC-Details
000 -Satzkennung
Kontrollfeld mit fester Länge 01914nad a2200409 a 4500
001 - Kontrollnummer
Kontrollfeld MIU01000000000000007024412
003 - Kontrollnummer Identifier
Kontrollfeld MiU
005 - Datum und Zeit der letzten Transaktion
Kontrollfeld 20231010141256.0
007 - Feld mit fester Länge zur physischen Beschreibung - Allgemeine Information
Kontrollfeld mit fester Länge cr mnummmmuuuu
008 - Feld mit fester Länge zur physischen Beschreibung - Allgemeine Angaben
Kontrollfeld mit fester Länge 890828s1967 njucg sb 001 0beng d
010 ## - Kontrollnummer der Library of Congress
Gelöschte/ungültige LC-Kontrollnummer 66029831
024 7# - Anderer Standardidentifier
Standardnummer oder Code 2027/heb06257
Quelle der Nummer oder des Codes hdl
040 ## - Katalogisierungsquelle
Original-Katalogisierungsstelle MiU
Übertragungsstelle MiU
090 ## - LOCALLY ASSIGNED LC-TYPE CALL NUMBER (OCLC); LOCAL CALL NUMBER (RLIN)
Notation (OCLC) (R) ; Notation, CALL (RLIN) (NR) ML410.B4
Local cutter number (OCLC) ; Book number/undivided call number, CALL (RLIN) (INTERNET)
041 ## - Sprachcode
Sprachcode des Textes/der Tonspur oder des separaten Titels eng
100 1# - Haupteintragung - Personenname
Personenname Thayer, Alexander Wheelock,
Datumsangaben in Verbindung mit einem Namen 1817-1897.
Koha-Normdatenidentnummer 42948
240 10 - Einheitstitel
Einheitstitel Ludwig van Beethovens Leben.
245 10 - Titel
Titel Thayer's life of Beethoven
Medium [electronic resource] /
Verfasserangabe etc. revised and edited by Elliot Forbes.
264 ## - Produktion, Veröffentlichung, Distribution, Herstellung und Urheberrechtsvermerk
Herstellungs-, Veröffentlichungs- Vertriebs-, Erzeugungsort Princeton, N.J. :
Produzent, Herausgeber, Distributor, Hersteller Princeton University Press,
Datum der Herstellung, der Veröffentlichung, des Vertriebs oder des Urheberschutzvermerks 1967.
300 ## - Physische Beschreibung
Umfang 2 v. (1141 p.) :
Andere physische Details ports., music ;
Maße 25 cm.
336 ## - Inhaltstyp
Quelle rdacontent
Inhaltstypcode txt
Inhaltstypterm Text
337 ## - Medientyp
Quelle rdamedia
Medientypcode bc
Bezeichnung des Medientyps Computermedien
338 ## - Datenträgertyp
Quelle rdacarrier
Datenträgertypcode cr
Datenträgertypbezeichnung Online Ressource
500 ## - Allgemeine Fußnote
Allgemeine Fußnote Although some portions of Thayer's original text have been deleted because recent Beethoven research has proved them inaccurate, "the majority of the text used consists of the coordinated treatment of Thayer's notes and manuscript by these three editors [H. Deiters, H. Riemann, and H. Krehbiel]" with additions and corrections by the present editor.
500 ## - Allgemeine Fußnote
Allgemeine Fußnote "First publication of works after Beethoven's death": v. 2, p. 1077-1084.
504 ## - Fußnote zu Literaturverzeichnissen usw.
Fußnote zu Bibliographien usw. Includes bibliography (v. 1, p. xxiii-xxv) and index.
500 ## - Allgemeine Fußnote
Allgemeine Fußnote E-Book-ACLS / Zugriff nur im DHI-Lesesaal
500 ## - Allgemeine Fußnote
Allgemeine Fußnote American Council of Learned Societies/ https://www.humanitiesebook.org/about/
600 10 - Nebeneintragung unter einem Schlagwort - Personenname
Personenname Beethoven, Ludwig van,
Datumsangaben in Verbindung mit einem Namen 1770-1827.
Koha-Normdatenidentnummer 42949
700 1# - Nebeneintragung - Personenname
Personenname Forbes, Elliot.
Koha-Normdatenidentnummer 42950
700 1# - Nebeneintragung - Personenname
Personenname Deiters, Hermann,
Datumsangaben in Verbindung mit einem Namen 1833-1907.
Koha-Normdatenidentnummer 42951
700 1# - Nebeneintragung - Personenname
Personenname Riemann, Hugo,
Datumsangaben in Verbindung mit einem Namen 1849-1919.
Koha-Normdatenidentnummer 42952
700 1# - Nebeneintragung - Personenname
Personenname Krehbiel, Henry Edward,
Datumsangaben in Verbindung mit einem Namen 1854-1923.
Koha-Normdatenidentnummer 42953
830 #0 - Nebeneintragung unter dem Gesamttitel - Einheitstitel
Einheitstitel ACLS Humanities E-Book.
Koha-Normdatenidentnummer 42954
856 40 - Elektronische Adresse und Zugriff
OPAC-Notiz Volltext
URL <a href="https://hdl.handle.net/2027/heb06257">https://hdl.handle.net/2027/heb06257</a>
942 ## - Zusätzliche Felder (Koha)
Koha-Medientyp E-Books
Exemplare
Ausgeschieden Verloren Beschädigt Nicht entleihbar Heimatbibliothek Aufenthaltsbibliothek Aufstellungsort Erwerbungsdatum Inventarnummer Signatur Barcode Letzte Aktivität Preis gültig von Koha-Medientyp
        MWN Osteuropa MWN Osteuropa Online-Ressource 10/10/2023 23-e0ACLS E-23-e0ACLS 69417 10/10/2023 10/10/2023 E-Books